La indagación en la clase de matemáticas : (Record no. 213521)

MARC details
000 -CABECERA
campo de control de longitud fija 00952nam a22002537a 4500
005 - FECHA Y HORA DE LA ÚLTIMA TRANSACCIÓN
campo de control 20250703143245.0
007 - CAMPO FIJO DE DESCRIPCIÓN FÍSICA--INFORMACIÓN GENERAL
campo de control de longitud fija cr |||aaa|||||
008 - ELEMENTOS DE LONGITUD FIJA--INFORMACIÓN GENERAL
campo de control de longitud fija 250614s2018 ck|adjofof||| 001 0 spa d
020 ## - NÚMERO INTERNACIONAL NORMALIZADO PARA LIBROS
Número Internacional Estándar del Libro 9789587223118
040 ## - FUENTE DE LA CATALOGACIÓN
Centro catalogador/agencia de origen MX-MxUPN
Lengua de catalogación spa
Centro/agencia transcriptor MX-MxUPN
Normas de descripción aacr2
041 ## - CÓDIGO DE IDIOMA
Código de lengua del texto/banda sonora o título independiente spa
050 ## - SIGNATURA TOPOGRÁFICA DE LA BIBLIOTECA DEL CONGRESO
Número de clasificación QA112
100 ## - ASIENTO PRINCIPAL--NOMBRE PERSONAL
Nombre de persona Uzuriaga López, Vivian Libeth
9 (RLIN) 57000
100 ## - ASIENTO PRINCIPAL--NOMBRE PERSONAL
Nombre de persona Gallego Cortés, Geoffrin Ninoska
9 (RLIN) 57001
245 ## - MENCIÓN DE TÍTULO
Título La indagación en la clase de matemáticas :
Resto del título investigación con base en la práctica
Medio [recurso electrónico en línea]
260 ## - PUBLICACIÓN, DISTRIBUCIÓN, ETC.
Lugar de publicación, distribución, etc. Pereira, Colombia :
Nombre del editor, distribuidor, etc. Universidad Tecnológica de Pereira,
Fecha de publicación, distribución, etc. 2018
300 ## - DESCRIPCIÓN FÍSICA
Extensión 1 recurso electrónico (75 páginas) :
Otras características físicas PDF
490 ## - MENCIÓN DE SERIE
Mención de serie Trabajos de investigación
500 ## - NOTA GENERAL
Nota general Incluye bibliografía
650 #4 - ASIENTO SECUNDARIO DE MATERIA - TERMINO TEMATICO
Término de materia o nombre geográfico como elemento de entrada Matemáticas
Subdivisión general Estudio y enseñanza - Didáctica
9 (RLIN) 3601
856 ## - LOCALIZACIÓN Y ACCESO ELECTRÓNICOS
Identificador Uniforme del Recurso <a href="https://hdl.handle.net/11059/15366">https://hdl.handle.net/11059/15366</a>
902 ## - ELEMENTOS DE DATOS B LOCAL, LDB (RLIN)
Creó Maiella Martínez / 14062025
942 ## - ELEMENTOS DE PUNTO DE ACCESO ADICIONAL (KOHA)
Fuente del sistema de clasificación o colocación Library of Congress Classification
Tipo de ítem Koha Libro Electrónico
Holdings
Estado de retiro Estado de pérdida Fuente del sistema de clasificación o colocación Estado dañado No para préstamo Código de colección Localización permanente Ubicación/localización actual Ubicación en estantería Fecha de adquisición Total de préstamos Clasificación Fecha visto por última vez Identificador Uniforme del Recurso Precio válido a partir de Tipo de ítem Koha
    Library of Congress Classification     Acceso abierto Bib. Gregorio Torres Quintero Bib. Gregorio Torres Quintero En línea 14/06/2025   QA112 2018 14/06/2025 https://hdl.handle.net/11059/15366 14/06/2025 Libro Electrónico